000 02913nam a2200325 a 4500
003 OSt
005 20250807094241.0
007 cr ||||||a|a|a
008 250623s2025 mx a|||fom||| 001 0 spa d
040 _erda
100 1 _aDuran Ayala, Moises
_9190497
245 1 0 _aCaptura de carbono aéreo en rodales con manejo y sin manejo forestal, en el Bosque templado de Coatepec, Ixtapaluca,Edo. de México/
_cpor Moises Duran Ayala; director de tesis Yolanda Franco Islas; secretario María Guadalupe Vargas Cabrera; vocal José A. Gil Vera Castillo; suplente Saúl Castañeda Díaz; suplente Ro Linx Granados Victorino.
264 1 _aChapingo, México :
_bEl autor,
_c2024.
300 _a1 recurso en línea (80 páginas):
_bcuadros, figuras.
336 _2rdacontent
_atexto
_btxt
337 _2rdamedia
_acomputadora
_bc
338 _2rdacarrier
_arecurso en línea
_bcr
502 _bIF
_cDICIFO
_d2024.
_gLIC
504 _aIncluye referencias bibliográficas: páginas 50-59.
520 _aEl dióxido de carbono, compuesto gaseoso, disponible para las plantas, es un elemento indispensable para el proceso de la fotosíntesis. El objetivo de esta investigación fue evaluar la captura de CO2 aéreo en rodales con manejo y sin manejo forestal en un bosque templado de la comunidad de Coatepec, Ixtapaluca, Estado de México. Se establecieron 6 sitios de muestreo por rodal de manejo, con un área de 19.2 ha, con tratamiento Bosque Sin Manejo Forestal (SMF) y Método Mexicano de Ordenación de Bosques Irregulares (MMOBI). Se estimó la diferencia de medias de Tukey con un α= 0.05 y un análisis de componentes principales para la determinar las variables que se correlacionan con el promedio de CO2 aéreo capturado. Obteniéndose los siguientes resultados, en el tratamiento SMF 3.64 Tn/ha promedio, en el MMOBI 1.07 Tn/ha promedio. Teniendo al género Pinus L. con mayor CO2 aéreo capturado, con 65.21 Tn/ha (MMOBI) y 52.94 Tn/ha (SMF). Las variables; pendiente y pedregosidad se correlacionan en el tratamiento SMF y la exposición con el tratamiento (MMOBI). Se concluye que el tratamiento SMF tiene mayor concentración de CO2 aéreo, sin embargo, en un tratamiento MMOBI se espera tener un potencial de CO2 por sus tratamientos silvícolas. Así como las variables ambientales influyen en la captura de carbono aéreo.
650 4 _aÁrboles
_xSecuestro de carbono
_9190761
650 4 _aDioxido de carbono
_xMedición
_9190762
700 1 _aFranco Islas, Yolanda
_edirector de tesis.
_942965
700 1 _aVargas Cabrera, María Guadalupe
_9185890
_esecretario.
700 0 _aVera Castillo, José Amando Gil
_evocal.
_9118764
700 1 _aCastañeda Díaz, Saúl
_919903
_esuplente.
700 1 _aGranados Victorino, Ro Linx
_esuplente.
_9189617
856 _uhttp://10.13.5.2/tesis/tl/1710643-3_DURAN_AYALA_MOISES.pdf
_zDESCARGAR PDF
942 _2Clasificación Universidad Autónoma Chapingo
_cTD
999 _c220661
_d220661